000 00240nam a2200097Ia 4500
008 230915s9999 xx 000 0 und d
050 _aHF5635.G55 2006
100 _aGilbertson Claudia Bienas
245 0 _aCentury 21 Accounting
942 _cBK
999 _c82012
_d82012